书目信息 |
| 题名: |
愚公移山
|
|
| 作者: | 毛泽东 著 | |
| 分册: | ||
| 出版信息: | 北京 人民出版社 1964 |
|
| 页数: | 19页 | |
| 开本: | 13cm | |
| 丛书名: | ||
| 单 册: | ||
| 中图分类: | A424 | |
| 科图分类: | ||
| 主题词: | 毛泽东著作--单行本--1945 | |
| 电子资源: | ||
| ISBN: | ||
| 000 | 00553nam0 2200217 45 | |
| 001 | 0176003835 | |
| 005 | 20060911170930.57 | |
| 010 | @dCNY0.05 | |
| 091 | @aCN@b1001.1111 | |
| 100 | @a19950109d1964 em y0chiy0121 ea | |
| 101 | 0 | @achi |
| 102 | @aCN@b110000 | |
| 105 | @ay z 000yy | |
| 200 | 10 | @a愚公移山@Ayu gong yi shan@f毛泽东著 |
| 210 | @a北京@c人民出版社@d1964 | |
| 215 | @a19页@d13cm | |
| 606 | @a毛泽东著作@x单行本@z1945 | |
| 690 | @aA424@v3 | |
| 701 | 0 | @a毛泽东@Amao ze dong@4著 |
| 801 | 0 | @aCN@bTSSF@c20060911 |
| 905 | @a10447@dA424@e43 | |
| 愚公移山/毛泽东著.-北京:人民出版社,1964 |
| 19页;13cm |
| ISBN :CNY0.05 |
| ● |
| 相关链接 |
|
|
|
|
正题名:愚公移山
索取号:A424/43
 
预约/预借
| 序号 | 登录号 | 条形码 | 馆藏地/架位号 | 状态 | 备注 |
| 1 | 0472062 | 204720622 | 密集书库/ [索取号:A424/43] | 在馆 |